[Event "IECC TH-M-3197"]
[Site "IECC email"]
[Date "2017.09.22"]
[Round "?"]
[White "Jensen, John Oland"]
[Black "Blittkowsky, Ralf"]
[Result "1/2-1/2"]
[WhiteElo "1939"]
[BlackElo "2053"]
[PlyCount "73"]
[EventDate "2017.??.??"]
[EventType "tourn (corr)"]
[SourceTitle "Corr 2020"]
[Source "ChessBase"]
[SourceDate "2019.09.30"]
[SourceVersion "1"]
[SourceVersionDate "2019.09.30"]
[SourceQuality "1"]
[WhiteTeam "Denmark"]
[BlackTeam "Germany"]
[WhiteTeamCountry "DEN"]
[BlackTeamCountry "GER"]

1. d4 Nf6 2. c4 g6 3. Nc3 d5 4. cxd5 Nxd5 5. e4 Nb6 6. Be3 Bg7 7. h3 0-0 8. Nf3 Nc6 9. Be2 f5 10. exf5 Bxf5 11. Qb3+ e6 12. g4 Bd3 13. Qxe6+ Kh8 14. Bxd3 Rxf3 15. 0-0-0 Bxd4 16. Bxg6 hxg6 17. Bxd4+ Nxd4 18. Qe5+ Qf6 19. Qxf6+ Rxf6 20. Rxd4 Rxf2 21. Ne4 Re2 22. Nc5 Rf8 23. Rhd1 Rf3 24. R4d3 Rf4 25. Rc3 Nc4 26. Nxb7 Nxb2 27. Rd2 Rxd2 28. Kxd2 Nc4+ 29. Kd3 Nb6 30. Nd8 Ra4 31. Rxc7 Rxa2 32. Ke4 Re2+ 33. Kf3 Re3+ 34. Kxe3 Nd5+ 35. Kd4 Nxc7 36. Nc6 Ne6+ 37. Ke3 1/2-1/2

[Event "IECC TH-M-3116"]
[Site "IECC email"]
[Date "2017.02.08"]
[Round "?"]
[White "Pisani, Carlos Alejandro"]
[Black "Jensen, John Oland"]
[Result "1-0"]
[WhiteElo "2170"]
[BlackElo "1901"]
[PlyCount "88"]
[EventDate "2017.??.??"]
[EventType "tourn (corr)"]
[SourceTitle "Corr 2020"]
[Source "ChessBase"]
[SourceDate "2019.09.30"]
[SourceVersion "1"]
[SourceVersionDate "2019.09.30"]
[SourceQuality "1"]
[WhiteTeam "Argentina"]
[BlackTeam "Denmark"]
[WhiteTeamCountry "ARG"]
[BlackTeamCountry "DEN"]

1. e4 Nc6 2. d4 e5 3. d5 Nce7 4. Nf3 Ng6 5. Be3 Nf6 6. Bd3 Ng4 7. Bd2 Bc5 8. 0-0 0-0 9. Nc3 a6 10. Na4 Ba7 11. Bg5 Nf6 12. d6 b5 13. dxc7 Qxc7 14. Bxf6 bxa4 15. Bg5 h6 16. Bd2 Re8 17. c3 a3 18. b4 Bb7 19. Re1 d5 20. Qc2 Rad8 21. Rac1 dxe4 22. Bxe4 Bxe4 23. Qxe4 f5 24. Qxf5 Nh4 25. Qc2 Rf8 26. Qb3+ Kh7 27. Qb1+ Kh8 28. Nxh4 Bxf2+ 29. Kh1 Bxh4 30. Re2 Rf2 31. Rxf2 Bxf2 32. Qc2 Qc4 33. h3 Qe2 34. Bf4 Qxc2 35. Rxc2 Rd1+ 36. Kh2 Bg1+ 37. Kg3 exf4+ 38. Kxf4 Kg8 39. c4 Rb1 40. c5 Rb2 41. Rc1 Bh2+ 42. g3 Rxa2 43. c6 Rf2+ 44. Ke3 Bxg3 1-0

[Event "IECC TH-M-3094"]
[Site "IECC email"]
[Date "2017.01.09"]
[Round "?"]
[White "Jensen, John Oland"]
[Black "Peraza Balleste, Orlando"]
[Result "1/2-1/2"]
[WhiteElo "1916"]
[BlackElo "1917"]
[PlyCount "60"]
[EventDate "2017.??.??"]
[EventType "tourn (corr)"]
[SourceTitle "Corr 2020"]
[Source "ChessBase"]
[SourceDate "2019.09.30"]
[SourceVersion "1"]
[SourceVersionDate "2019.09.30"]
[SourceQuality "1"]
[WhiteTeam "Denmark"]
[BlackTeam "Cuba"]
[WhiteTeamCountry "DEN"]
[BlackTeamCountry "CUB"]

1. e4 e5 2. Nf3 Nc6 3. Bb5 a6 4. Ba4 Nf6 5. 0-0 Nxe4 6. d4 b5 7. Bb3 d5 8. dxe5 Be6 9. Nbd2 Nc5 10. c3 Nxb3 11. Nxb3 Be7 12. Nfd4 Nxd4 13. cxd4 a5 14. Qc2 Qd7 15. Be3 Bf5 16. Qc1 h6 17. Nc5 Qc8 18. a3 c6 19. Qc3 0-0 20. Rfe1 a4 21. Bd2 Re8 22. Rac1 Bxc5 23. Qxc5 Re6 24. Re3 Qe8 25. Bb4 Rc8 26. Rg3 Rg6 27. Rxg6 Bxg6 28. h3 Bd3 29. g4 Bc4 30. Kg2 Rd8 1/2-1/2

[Event "IECC TH-M-2871"]
[Site "IECC email"]
[Date "2013.01.31"]
[Round "?"]
[White "Jensen, John Oland"]
[Black "Heyvaert, Philippe"]
[Result "0-1"]
[WhiteElo "1823"]
[BlackElo "2066"]
[PlyCount "82"]
[EventDate "2013.??.??"]
[EventType "tourn (corr)"]
[SourceTitle "Telechess CBM 165"]
[Source "ChessBase"]
[SourceDate "2015.03.11"]
[SourceVersion "1"]
[SourceVersionDate "2015.03.11"]
[SourceQuality "1"]
[WhiteTeam "Dinamarca"]
[BlackTeam "Belgium"]
[WhiteTeamCountry "DEN"]
[BlackTeamCountry "BEL"]

1. e4 c5 2. Nf3 d6 3. d4 cxd4 4. Nxd4 Nf6 5. Nc3 a6 6. Be2 e5 7. Nb3 Be7 8. 0-0 Be6 9. f4 0-0 10. f5 Bd7 11. Be3 Bc6 12. Bf3 b5 13. a4 b4 14. Nd5 Bxd5 15. exd5 Nbd7 16. Qd3 a5 17. Rfe1 Qb8 18. Kh1 Rc8 19. Nd2 Bd8 20. Rab1 Qc7 21. Rec1 Nc5 22. Bxc5 Qxc5 23. Ne4 Nxe4 24. Bxe4 Bg5 25. Re1 h6 26. Re2 Rc7 27. Rd1 Qa7 28. g3 Rac8 29. h4 Rc4 30. hxg5 Rd4 31. Qxd4 exd4 32. gxh6 gxh6 33. f6 Re8 34. Bh7+ Kf8 35. Rxe8+ Kxe8 36. Bd3 b3 37. cxb3 Qc5 38. Re1+ Kd8 39. Bc4 Qc8 40. Kg2 Qf5 41. Re2 Qg5 0-1

[Event "IECG CP.2002.P.00052 email"]
[Site "IECG email"]
[Date "2002.10.01"]
[Round "?"]
[White "Jensen, John Oland"]
[Black "Plotnikov, Vladimir Anatolievi"]
[Result "1-0"]
[WhiteElo "2050"]
[BlackElo "1717"]
[PlyCount "37"]
[EventDate "2002.10.01"]
[EventType "tourn (corr)"]
[EventRounds "6"]
[EventCountry "USA"]
[SourceTitle "Corr 2008"]
[Source "ChessBase"]
[SourceDate "2008.06.24"]
[SourceVersion "1"]
[SourceVersionDate "2008.06.24"]
[SourceQuality "1"]

1. e4 c5 2. Nf3 Nc6 3. d4 cxd4 4. Nxd4 e5 5. Nb5 a6 6. Nd6+ Bxd6 7. Qxd6 Qf6 8. Qd1 Qg6 9. Nc3 d5 10. Nxd5 Qxe4+ 11. Be3 Nd4 12. Nc7+ Ke7 13. Nxa8 Nxc2+ 14. Kd2 Nxa1 15. Nb6 Qb4+ 16. Kc1 Nf6 17. Bc4 Bf5 18. Nd5+ Nxd5 19. Qxd5 1-0

[Event "IECG CP.2002.P.00052 email"]
[Site "IECG email"]
[Date "2002.10.01"]
[Round "?"]
[White "Jensen, John Oland"]
[Black "Van de Peut, Aart A"]
[Result "1-0"]
[WhiteElo "2050"]
[BlackElo "1740"]
[PlyCount "45"]
[EventDate "2002.10.01"]
[EventType "tourn (corr)"]
[EventRounds "6"]
[EventCountry "USA"]
[SourceTitle "Corr 2008"]
[Source "ChessBase"]
[SourceDate "2008.06.24"]
[SourceVersion "1"]
[SourceVersionDate "2008.06.24"]
[SourceQuality "1"]

1. e4 e6 2. d4 d5 3. Nc3 Bb4 4. e5 c5 5. a3 Bxc3+ 6. bxc3 Ne7 7. Qg4 Qc7 8. Qxg7 Rg8 9. Qxh7 cxd4 10. Ne2 Nbc6 11. f4 dxc3 12. Be3 Bd7 13. Qd3 Nf5 14. Bf2 0-0-0 15. h3 d4 16. g4 Nfe7 17. Bg2 Ng6 18. Qg3 f6 19. exf6 e5 20. fxe5 Ngxe5 21. Nxd4 Bxg4 22. Nxc6 Bf3 23. Ne7+ 1-0

[Event "SEMI Modern Defence-B email"]
[Site "SEMI email"]
[Date "2002.05.27"]
[Round "?"]
[White "Hilton, Stephen H"]
[Black "Jensen, John Oland"]
[Result "1/2-1/2"]
[WhiteElo "1835"]
[BlackElo "2000"]
[PlyCount "75"]
[EventDate "2002.05.27"]
[EventType "tourn (corr)"]
[EventRounds "6"]
[EventCountry "ITA"]
[SourceTitle "Telechess CBM 097"]
[Source "ChessBase"]
[SourceDate "2003.11.11"]
[SourceVersion "1"]
[SourceVersionDate "2003.11.11"]
[SourceQuality "1"]

1. e4 g6 2. d4 Nf6 3. e5 Nh5 4. Nf3 d6 5. Bc4 d5 6. Bb3 Ng7 7. 0-0 c6 8. Bh6 Bg4 9. h3 Nf5 10. Bxf8 Bxf3 11. Qxf3 Rxf8 12. c3 Qb6 13. Nd2 Nd7 14. Rfe1 e6 15. Qe2 c5 16. dxc5 Nxc5 17. Rab1 0-0-0 18. Bc2 f6 19. exf6 Rxf6 20. Nf3 Nd6 21. b4 Nce4 22. Bxe4 Nxe4 23. Qe3 Qxe3 24. Rxe3 b5 25. a4 bxa4 26. Ra1 Kb7 27. c4 Rc8 28. c5 a5 29. Rxa4 axb4 30. Rxb4+ Kc7 31. Rb5 Ra8 32. Reb3 Ra7 33. Rb2 g5 34. Nd4 e5 35. Nf3 Re6 36. Rb6 Nxc5 37. Rxe6 Nxe6 38. Nxe5 1/2-1/2

[Event "SEMI Modern Defence-B email"]
[Site "SEMI email"]
[Date "2002.05.27"]
[Round "?"]
[White "Jensen, John Oland"]
[Black "Kamaluddin, Yusof"]
[Result "1-0"]
[WhiteElo "2000"]
[BlackElo "2000"]
[PlyCount "41"]
[EventDate "2002.05.27"]
[EventType "tourn (corr)"]
[EventRounds "6"]
[EventCountry "ITA"]
[SourceTitle "Telechess CBM 097"]
[Source "ChessBase"]
[SourceDate "2003.11.11"]
[SourceVersion "1"]
[SourceVersionDate "2003.11.11"]
[SourceQuality "1"]

1. e4 g6 2. d4 Nf6 3. e5 Nh5 4. Nf3 d5 5. c4 c6 6. Nc3 Ng7 7. cxd5 cxd5 8. Qb3 e6 9. Bh6 Nf5 10. Bxf8 Kxf8 11. h4 h5 12. Bd3 Nh6 13. 0-0 Nc6 14. Nb5 Kg7 15. Nd6 Qb6 16. Qxb6 axb6 17. Rfc1 Nf5 18. Bxf5 gxf5 19. b4 Nxb4 20. Rc7 Rf8 21. Ng5 1-0

[Event "SEMI Modern Defence-B email"]
[Site "SEMI email"]
[Date "2002.05.27"]
[Round "?"]
[White "Kamaluddin, Yusof"]
[Black "Jensen, John Oland"]
[Result "0-1"]
[WhiteElo "2000"]
[BlackElo "2000"]
[PlyCount "38"]
[EventDate "2002.05.27"]
[EventType "tourn (corr)"]
[EventRounds "6"]
[EventCountry "ITA"]
[SourceTitle "Telechess CBM 097"]
[Source "ChessBase"]
[SourceDate "2003.11.11"]
[SourceVersion "1"]
[SourceVersionDate "2003.11.11"]
[SourceQuality "1"]

1. e4 g6 2. d4 Nf6 3. e5 Nh5 4. Nf3 d6 5. Bc4 d5 6. Bd3 Ng7 7. c3 Ne6 8. 0-0 Bg7 9. Be3 0-0 10. Qc1 c5 11. Re1 Nc6 12. Nbd2 Qc7 13. h3 Bd7 14. Nf1 cxd4 15. cxd4 f6 16. Bh6 Ncxd4 17. Nxd4 Qxc1 18. Raxc1 Bxh6 19. Nxe6 Bxe6 0-1

[Event "IECC TH-T email"]
[Site "IECC email"]
[Date "2001.01.16"]
[Round "?"]
[White "Cherner, Lyle"]
[Black "Jensen, John Oland"]
[Result "0-1"]
[WhiteElo "1527"]
[BlackElo "1769"]
[PlyCount "46"]
[EventDate "2001.??.??"]
[EventType "match (corr)"]
[EventRounds "2"]
[SourceTitle "Corr 2008"]
[Source "ChessBase"]
[SourceDate "2008.06.24"]
[SourceVersion "1"]
[SourceVersionDate "2008.06.24"]
[SourceQuality "1"]

1. e4 e6 2. d4 d5 3. Nc3 Bb4 4. e5 c5 5. Bd2 Ne7 6. a3 Bxc3 7. Bxc3 Nbc6 8. Nf3 cxd4 9. Nxd4 Nxe5 10. Nxe6 Bxe6 11. Bxe5 0-0 12. Bd3 Nc6 13. Bg3 Qf6 14. 0-0 Qxb2 15. Rb1 Qxa3 16. Rxb7 a5 17. Qh5 g6 18. Qg5 Qc5 19. Rfb1 a4 20. R7b5 Qc3 21. Bd6 a3 22. Bxf8 a2 23. Bd6 a1Q 0-1

[Event "SEMI KG Kieseritsky (2) email"]
[Site "SEMI email"]
[Date "2000.04.25"]
[Round "?"]
[White "Jensen, John Oland"]
[Black "Perez, Giorgio"]
[Result "0-1"]
[WhiteElo "1885"]
[BlackElo "2045"]
[PlyCount "56"]
[EventDate "2000.04.25"]
[EventType "tourn (corr)"]
[EventRounds "6"]
[EventCountry "ITA"]
[SourceTitle "Corr 2008"]
[Source "ChessBase"]
[SourceDate "2008.06.24"]
[SourceVersion "1"]
[SourceVersionDate "2008.06.24"]
[SourceQuality "1"]

1. e4 e5 2. f4 exf4 3. Nf3 g5 4. h4 g4 5. Ne5 Nf6 6. d4 d6 7. Nd3 Nxe4 8. Bxf4 Bg7 9. c3 0-0 10. Be2 Re8 11. Nd2 Qe7 12. Nb4 c6 13. g3 Bf5 14. Nf1 h5 15. Nc2 Nd7 16. Nce3 Bh7 17. a3 Nf8 18. Ng2 Ne6 19. Be3 a5 20. Nf4 Nxf4 21. Bxf4 b5 22. Ra2 b4 23. axb4 axb4 24. Rxa8 Rxa8 25. Qc1 bxc3 26. bxc3 c5 27. Be3 Qc7 28. Bf4 cxd4 0-1

[Event "SEMI KG Kieseritsky (2) email"]
[Site "SEMI email"]
[Date "2000.04.25"]
[Round "?"]
[White "Perez, Giorgio"]
[Black "Jensen, John Oland"]
[Result "1/2-1/2"]
[WhiteElo "2045"]
[BlackElo "1885"]
[PlyCount "81"]
[EventDate "2000.04.25"]
[EventType "tourn (corr)"]
[EventRounds "6"]
[EventCountry "ITA"]
[SourceTitle "Corr 2008"]
[Source "ChessBase"]
[SourceDate "2008.06.24"]
[SourceVersion "1"]
[SourceVersionDate "2008.06.24"]
[SourceQuality "1"]

1. e4 e5 2. f4 exf4 3. Nf3 g5 4. h4 g4 5. Ne5 d6 6. Nxg4 Be7 7. d4 Bxh4+ 8. Nf2 Qg5 9. Nc3 Nf6 10. Qf3 Bg3 11. Bd2 Rg8 12. 0-0-0 Nc6 13. Bb5 Bd7 14. Nh3 Qg4 15. Ne2 0-0-0 16. Bxf4 Bxf4+ 17. Nexf4 Qg7 18. Qe3 Qg3 19. Qf3 a6 20. Bc4 Qg7 21. Nf2 h5 22. Qe3 Rde8 23. Nxh5 Nxh5 24. Rxh5 Qxg2 25. Rdh1 Rg3 26. Qd2 Qf3 27. R5h4 Rg2 28. Rf4 Qg3 29. c3 Rf8 30. Rf6 Ne7 31. Bf1 Ng8 32. Rf4 Rh2 33. Rxh2 Qxh2 34. Qe3 Qh6 35. Bh3 Ne7 36. Bxd7+ Kxd7 37. Ng4 Qh1+ 38. Kc2 f5 39. Qf3 Qxf3 40. Rxf3 c6 41. exf5 1/2-1/2

[Event "SEMI Kings Indian Class theme"]
[Site "SEMI email"]
[Date "1999.??.??"]
[Round "?"]
[White "Jensen, John Oland"]
[Black "Bradley, Michael"]
[Result "1-0"]
[WhiteElo "1700"]
[BlackElo "1000"]
[PlyCount "99"]
[EventDate "1999.01.??"]
[EventType "tourn (corr)"]
[EventRounds "9"]
[EventCountry "ITA"]
[SourceTitle "Corr 2008"]
[Source "ChessBase"]
[SourceDate "2008.06.24"]
[SourceVersion "1"]
[SourceVersionDate "2008.06.24"]
[SourceQuality "1"]

1. d4 Nf6 2. c4 g6 3. Nc3 Bg7 4. e4 d6 5. Nf3 0-0 6. Be2 e5 7. 0-0 Nc6 8. d5 Ne7 9. Nd2 a6 10. b4 c6 11. Bb2 Bd7 12. c5 cxd5 13. cxd6 Nc8 14. exd5 Nxd6 15. a4 e4 16. Qb3 b5 17. axb5 axb5 18. Rxa8 Qxa8 19. Ra1 Qb7 20. Ra5 Re8 21. Qa2 e3 22. fxe3 Rxe3 23. Nf1 Re8 24. Bc1 Ng4 25. Nd1 Qb6+ 26. Kh1 Nf2+ 27. Nxf2 Qxf2 28. Bd3 Qd4 29. Ra3 Qxb4 30. Be3 Bd4 31. Bd2 Qc5 32. Ra8 Bc8 33. Qb3 Nc4 34. Bxc4 bxc4 35. Qa4 Re2 36. Bb4 Qc7 37. Ng3 Re5 38. Qa6 Re8 39. d6 Qd7 40. Qxc4 Be5 41. Rb8 Kg7 42. Qc1 Qe6 43. Bc3 Qxd6 44. Nh5+ Kh8 45. Rxc8 Rxc8 46. Bxe5+ Kg8 47. Qxc8+ Qf8 48. Nf6+ Kg7 49. Nxh7+ Kg8 50. Qxf8+ 1-0

[Event "SEMI ECT 3-B corr"]
[Site "SEMI email"]
[Date "1999.??.??"]
[Round "?"]
[White "Jensen, John Oland"]
[Black "De los Reyes, Antonio"]
[Result "1/2-1/2"]
[WhiteElo "1700"]
[BlackElo "1829"]
[PlyCount "125"]
[EventDate "1999.??.??"]
[EventType "tourn (corr)"]
[EventRounds "8"]
[EventCountry "ITA"]
[SourceTitle "Corr 2008"]
[Source "ChessBase"]
[SourceDate "2008.06.24"]
[SourceVersion "1"]
[SourceVersionDate "2008.06.24"]
[SourceQuality "1"]

1. d4 Nf6 2. c4 d6 3. Nc3 Nbd7 4. e4 e5 5. Nf3 exd4 6. Nxd4 c5 7. Ndb5 Ne5 8. Bg5 a6 9. Bxf6 gxf6 10. Na3 f5 11. Bd3 Rg8 12. 0-0 f4 13. f3 Bg7 14. Bc2 Nc6 15. Kh1 Bd4 16. Ba4 Qg5 17. Qe2 Be6 18. Nd5 0-0-0 19. Rab1 f5 20. Bxc6 bxc6 21. exf5 Bxf5 22. Ne7+ Kc7 23. Nxg8 Bxb1 24. Rxb1 Rxg8 25. b3 Rg7 26. Nc2 Bc3 27. Rg1 h5 28. Qd3 Qf6 29. Rd1 h4 30. Ne1 h3 31. gxh3 d5 32. Ng2 d4 33. Qe4 Rf7 34. h4 Kd7 35. h5 Rf8 36. Qh7+ Rf7 37. Qg6 Qe6 38. Rg1 Ba5 39. Nh4 Bd8 40. Qxe6+ Kxe6 41. Ng2 Ba5 42. h6 Ke5 43. Ne1 Bxe1 44. Rxe1+ Kf5 45. Re8 Rh7 46. Rf8+ Ke5 47. Kg2 Rxh6 48. h3 Rd6 49. Re8+ Kf5 50. Kf2 d3 51. Ke1 Rh6 52. Rf8+ Ke5 53. Re8+ Kd6 54. Rd8+ Ke7 55. Rxd3 Rxh3 56. a3 Rh2 57. Rd2 Rh1+ 58. Ke2 Rb1 59. Rd3 Rb2+ 60. Kd1 Rf2 61. Ke1 Ra2 62. a4 Rb2 63. Kd1 1/2-1/2

[Event "SEMI Keres Attack theme"]
[Site "SEMI email"]
[Date "1999.??.??"]
[Round "?"]
[White "Jensen, John Oland"]
[Black "Kamaluddin, Yusof"]
[Result "1-0"]
[WhiteElo "1700"]
[BlackElo "1986"]
[PlyCount "55"]
[EventDate "1999.07.15"]
[EventType "tourn (corr)"]
[EventRounds "6"]
[EventCountry "ITA"]
[SourceTitle "Corr 2008"]
[Source "ChessBase"]
[SourceDate "2008.06.24"]
[SourceVersion "1"]
[SourceVersionDate "2008.06.24"]
[SourceQuality "1"]

1. e4 c5 2. Nf3 d6 3. d4 cxd4 4. Nxd4 Nf6 5. Nc3 e6 6. g4 h6 7. g5 hxg5 8. Bxg5 Nc6 9. Qd2 a6 10. 0-0-0 Bd7 11. h4 Qc7 12. Be2 Be7 13. Nf3 b5 14. Bxf6 gxf6 15. a3 Rb8 16. h5 b4 17. axb4 Rxb4 18. h6 Rh7 19. Qf4 Bf8 20. Qxf6 Qd8 21. Qf4 Qe7 22. Rdg1 f5 23. Rg6 Ne5 24. Nxe5 dxe5 25. Qxe5 Rxh6 26. Rhxh6 Bxh6+ 27. f4 Bf8 28. Rg8 1-0

[Event "SEMI ECT 3-B corr"]
[Site "SEMI email"]
[Date "1999.??.??"]
[Round "?"]
[White "Jensen, John Oland"]
[Black "Samitt, Phil"]
[Result "1-0"]
[WhiteElo "1700"]
[BlackElo "1908"]
[PlyCount "101"]
[EventDate "1999.??.??"]
[EventType "tourn (corr)"]
[EventRounds "8"]
[EventCountry "ITA"]
[SourceTitle "Corr 2008"]
[Source "ChessBase"]
[SourceDate "2008.06.24"]
[SourceVersion "1"]
[SourceVersionDate "2008.06.24"]
[SourceQuality "1"]

1. e4 c5 2. Nf3 d6 3. d4 cxd4 4. Nxd4 Nf6 5. Nc3 Nc6 6. Bg5 e6 7. Qd2 Be7 8. 0-0-0 Nxd4 9. Qxd4 0-0 10. e5 dxe5 11. Qxe5 Bd7 12. Qg3 Nh5 13. Bxe7 Qxe7 14. Qc7 Qg5+ 15. f4 Nxf4 16. h4 Nd3+ 17. Kb1 Qc5 18. Qxd7 Nf2 19. Qb5 Qxb5 20. Bxb5 Nxh1 21. Rxh1 Rad8 22. g3 Rd4 23. Re1 Rfd8 24. Bd3 R4d7 25. a4 Kf8 26. a5 h6 27. Ka2 Ke7 28. Kb3 a6 29. Re2 f6 30. Bf5 Rd6 31. Be4 R8d7 32. Na4 Rc7 33. Nb6 Kf7 34. Re3 Rd4 35. Bf3 g5 36. Rc3 Re7 37. hxg5 hxg5 38. Rc4 Rxc4 39. Nxc4 Rd7 40. g4 Ke7 41. Kb4 Rc7 42. Be4 Rc8 43. c3 Rc7 44. b3 Kd7 45. Nb2 Kc8 46. Na4 Rf7 47. Bg6 Rg7 48. Bd3 Kb8 49. Nc5 e5 50. Bf5 Rf7 51. Kc4 1-0